| 000 | 00000nas 2200000za 4500 |
| 001 | 9.864317 |
| 003 | CaOODSP |
| 005 | 20221107161517 |
| 007 | cr ||||||||||| |
| 008 | 181106d19331937oncar p oss f000#b0fre|d |
| 040 | |aCaOODSP|bfre |
| 041 | |aeng|afre |
| 043 | |an-cn--- |
| 086 | 1 |aCS35-205-PDF |
| 245 | 00|aSash, door, and planing-mill industry in Canada |h[ressource électronique]. |
| 246 | 13|aAteliers de planage et fabriques de portes et châssis|f1934 |
| 246 | 13|aAteliers de rabotage et fabriques de portes et châssis |
| 260 | |aOttawa : |bDominion Bureau of Statistics, Forestry Branch, |c1935-1939. |
| 300 | |a5 v. |
| 310 | |aAnnuel |
| 362 | 0 |a1932/1933-1937. |
| 500 | |aÉdition numérisée de l’imprimé [par Statistique Canada] |
| 515 | |aLa livr. de 1932/1933 publié ensemble. |
| 546 | |aTexte en anglais seulement, 1932/1933; texte en anglais et en français, 1934-1937. |
| 550 | |aLes livr. de 1934-1935 publiées par la Section forestière; 1936-1937 par la Branche forestière. |
| 580 | |aFait suite à : Preliminary report on the sash, door and planing mill industry in Canada. |
| 580 | |aSuivi de : Planing mills and sash and door factories. |
| 692 | 07|2gccst|aIndustrie du bois |
| 710 | 1 |aCanada. |bBureau fédéral de la statistique. |bSection forestière. |
| 785 | 00|tPlaning mills and sash and door factories |w(CaOODSP)9.864302 |
| 791 | |tSash, door, and planing-mill industry in Canada |eeng|w(CaOODSP)9.864310 |